| 000 | 01136nam a2200289 i 4500 | ||
|---|---|---|---|
| 001 | 12257 | ||
| 003 | KOSZ 005 | ||
| 005 | 20200630132826.0 | ||
| 008 | 080917s1958 pl a f 000 0 pol | ||
| 015 | _aPB 1958/4312 | ||
| 040 |
_aWA N _cKOSZ 005/RW _dKOSZ 005/RW |
||
| 041 | 1 |
_apol _hger |
|
| 080 | _a53 | ||
| 100 | 1 |
_aWeizel, Walter _d(1901- ). _eAutor. |
|
| 245 | 1 | 0 |
_aFizyka teoretyczna : _bfizyka zjawisk : ruch, elektryczność, światło, ciepło. _nT. 1, 1 / _cWalter Weizel ; [z niem. tł. Armin Teske, Wacław Staszewski]. |
| 246 | 1 |
_iTyt. oryg.: _aLehrbuch der theoretischen Physik. |
|
| 260 |
_aWarszawa : _bPaństwowe Wydawnictwo Naukowe, _c1958. |
||
| 300 |
_a386, [1] s., [2] k. tabl. : _bil. ; _c25 cm. |
||
| 380 | _aKsiążki. | ||
| 655 | 4 | _aPodręcznik | |
| 650 | 4 | _aFizyka teoretyczna | |
| 700 | 1 |
_aTeske, Armin _d(1910-1967). _eTł. |
|
| 700 | 1 |
_aStaszewski, Wacław _d(1892-1970). _eTłumaczenie |
|
| 710 | 2 |
_aPaństwowe Wydawnictwo Naukowe _4pbl. |
|
| 856 |
_uhttp://koha.tu.koszalin.pl/cgi-bin/koha/opac-detail.pl?biblionumber=12257 _yKatalog online BPK |
||
| 942 |
_2UKD _cKS |
||
| 999 |
_c12257 _d12257 |
||